[Event "San Francisco TNM Summer op"]
[Site "San Francisco"]
[Date "2009.06.02"]
[Round "2"]
[White "Gurtovoy, Jason"]
[Black "Rozenvasser, Anthony"]
[Result "0-1"]
[WhiteElo "1845"]
[BlackElo "2167"]
[PlyCount "76"]
[EventDate "2009.05.26"]
[EventType "swiss"]
[EventRounds "8"]
[EventCountry "USA"]
[SourceTitle "EXT 2012"]
[Source "ChessBase"]
[SourceDate "2011.11.24"]
[SourceVersion "1"]
[SourceVersionDate "2011.11.24"]
[SourceQuality "1"]

1. e4 e6 2. d4 d5 3. Nc3 Bb4 4. e5 c5 5. a3 cxd4 6. axb4 dxc3 7. bxc3 Qc7 8. Qd4 Nc6 9. Bb5 Bd7 10. Bxc6 Bxc6 11. Nf3 Bb5 12. Rxa7 Rc8 13. Qc5 Qxc5 14. bxc5 Ba6 15. Ba3 Ne7 16. Nd4 Kd7 17. Kd2 f6 18. Re1 Nc6 19. Nxc6 Rxc6 20. Bb4 Rf8 21. f3 Rfc8 22. g4 Rf8 23. exf6 Rxf6 24. Ke3 Rc8 25. Rg1 Kc7 26. Ba5+ Kc6 27. Bb4 Rcf8 28. Rg3 Rh6 29. h3 g5 30. Kd4 Rf4+ 31. Ke5 Be2 32. Ra1 Rxf3 33. Rxf3 Bxf3 34. Rf1 Rxh3 35. Kxe6 Bxg4+ 36. Kf6 h6 37. Kg7 Bf3 38. Re1 Be4 0-1

[Event "San Francisco TNM Spring op"]
[Site "San Francisco"]
[Date "2006.05.16"]
[Round "8"]
[White "Cheng, Andrew Ys"]
[Black "Gurtovoy, Jason"]
[Result "0-1"]
[WhiteElo "1237"]
[BlackElo "1698"]
[PlyCount "128"]
[EventDate "2006.03.28"]
[EventType "swiss"]
[EventRounds "8"]
[EventCountry "USA"]
[SourceTitle "EXT 2007"]
[Source "ChessBase"]
[SourceDate "2006.11.23"]
[SourceVersion "1"]
[SourceVersionDate "2006.11.23"]
[SourceQuality "1"]

1. e4 e6 2. d4 d5 3. exd5 exd5 4. Nf3 Nf6 5. Nc3 c6 6. Bd3 Bd6 7. 0-0 0-0 8. Re1 Bg4 9. h3 Bh5 10. Be3 Nbd7 11. Be2 Re8 12. a3 Bc7 13. Qd2 Nf8 14. b4 Ne6 15. Rab1 Ne4 16. Nxe4 dxe4 17. Ne5 Nxd4 18. Bxh5 Bxe5 19. Bxd4 Qxd4 20. Qxd4 Bxd4 21. Rbd1 Bb2 22. a4 Bc3 23. Re2 g6 24. Re3 Bxb4 25. Be2 f5 26. Rb3 Ba5 27. Rxb7 Reb8 28. Rdb1 Bb6 29. Rxb8+ Rxb8 30. Rd1 Rd8 31. Rxd8+ Bxd8 32. Kf1 Kf7 33. Ke1 Ke6 34. c4 Ke5 35. Kd2 Kd4 36. Kc2 c5 37. Kb3 f4 38. Kc2 f3 39. gxf3 exf3 40. Bxf3 Kxc4 41. Bc6 Bh4 42. f3 Bg5 43. Bb5+ Kd4 44. Bc6 c4 45. Bb5 c3 46. Bc6 a5 47. Bb5 Bd2 48. Bc6 g5 49. Bd7 Ke3 50. Bc6 Kf4 51. Bd5 Kg3 52. Be4 h6 53. Bf5 Kxf3 54. Bg4+ Kg3 55. Bh5 Kxh3 56. Bg6 g4 57. Bf5 Kg3 58. Kd1 h5 59. Ke2 h4 60. Kf1 h3 61. Kg1 Kf4 62. Bg6 g3 63. Bd3 Be3+ 64. Kh1 g2+ 0-1

[Event "San Francisco TNM Spring op"]
[Site "San Francisco"]
[Date "2006.05.09"]
[Round "7"]
[White "Gurtovoy, Jason"]
[Black "Regan, Jack"]
[Result "1-0"]
[WhiteElo "1698"]
[BlackElo "1550"]
[PlyCount "65"]
[EventDate "2006.03.28"]
[EventType "swiss"]
[EventRounds "8"]
[EventCountry "USA"]
[SourceTitle "EXT 2007"]
[Source "ChessBase"]
[SourceDate "2006.11.23"]
[SourceVersion "1"]
[SourceVersionDate "2006.11.23"]
[SourceQuality "1"]

1. e4 c6 2. d4 d5 3. Nc3 dxe4 4. Nxe4 Bf5 5. Ng3 Bg6 6. Nf3 e6 7. Ne5 Ne7 8. Bg5 Qa5+ 9. c3 Qb6 10. Nxg6 Nxg6 11. Qd2 Nd7 12. Bd3 Be7 13. Be3 c5 14. 0-0 cxd4 15. Bxd4 Bc5 16. Bxg7 Rg8 17. Nh5 0-0-0 18. b4 Be7 19. Bd4 Qc6 20. Ng3 e5 21. Bxa7 b6 22. a4 Qb7 23. Bxb6 Nxb6 24. a5 Nc4 25. Bf5+ Kc7 26. Qe2 Nd2 27. Bxg6 Rxg6 28. a6 Qa7 29. Rfd1 Rgd6 30. Nf5 R6d7 31. Qxe5+ Bd6 32. Nxd6 Rxd6 33. Rxd2 1-0

[Event "Imre Konig Memorial g/45"]
[Site "San Francisco"]
[Date "2006.04.15"]
[Round "2"]
[White "Mohan, Vijay"]
[Black "Gurtovoy, Jason"]
[Result "0-1"]
[WhiteElo "1520"]
[BlackElo "1712"]
[PlyCount "44"]
[EventDate "2006.04.15"]
[EventType "swiss (rapid)"]
[EventRounds "5"]
[EventCountry "USA"]
[SourceTitle "EXT 2007"]
[Source "ChessBase"]
[SourceDate "2006.11.23"]
[SourceVersion "1"]
[SourceVersionDate "2006.11.23"]
[SourceQuality "1"]

1. e4 c5 2. Nc3 Nc6 3. f4 e6 4. Nf3 d5 5. exd5 exd5 6. Bb5 Nf6 7. Qe2+ Be7 8. 0-0 0-0 9. Kh1 Bg4 10. h3 Nd4 11. Qd1 Bxf3 12. gxf3 Nxb5 13. Nxb5 Qd7 14. Qe2 Qxh3+ 15. Kg1 c4 16. d3 cxd3 17. Qxd3 Nh5 18. Rf2 Bc5 19. Be3 Bxe3 20. Qxe3 Qg3+ 21. Kf1 Qh3+ 22. Ke2 Rae8 0-1

[Event "San Francisco Bagby Memorial g/45"]
[Site "San Francisco"]
[Date "2005.07.16"]
[Round "3"]
[White "Nazario, Marc Christian"]
[Black "Gurtovoy, Jason"]
[Result "1-0"]
[WhiteElo "1812"]
[BlackElo "1587"]
[PlyCount "55"]
[EventDate "2005.07.16"]
[EventType "swiss (rapid)"]
[EventRounds "5"]
[EventCountry "USA"]
[SourceTitle "EXT 2007"]
[Source "ChessBase"]
[SourceDate "2006.11.23"]
[SourceVersion "1"]
[SourceVersionDate "2006.11.23"]
[SourceQuality "1"]

1. e4 c5 2. Nf3 e6 3. d4 cxd4 4. Nxd4 a6 5. Nc3 Qc7 6. Be2 Nf6 7. 0-0 Be7 8. Be3 0-0 9. f4 d6 10. Bf3 Nbd7 11. f5 e5 12. Nb3 b5 13. Kh1 Bb7 14. a3 Nc5 15. Nxc5 dxc5 16. Qe2 Rfd8 17. Bg5 Rac8 18. Rae1 b4 19. Bxf6 Bxf6 20. Nd5 Bxd5 21. exd5 Qd6 22. axb4 cxb4 23. Ra1 Ra8 24. Ra4 e4 25. Qxe4 Bxb2 26. Qxb4 Bf6 27. Qxd6 Rxd6 28. c4 1-0